| 000 -LEADER |
| fixed length control field |
00646cam a22002411 4500 |
| 001 - CONTROL NUMBER |
| control field |
10325097 |
| 005 - DATE AND TIME OF LATEST TRANSACTION |
| control field |
20180313094645.0 |
| 008 - FIXED-LENGTH DATA ELEMENTS--GENERAL INFORMATION |
| fixed length control field |
720810s1964 mau b 000 0 eng |
| 010 ## - LIBRARY OF CONGRESS CONTROL NUMBER |
| LC control number |
64003202 |
| 035 ## - SYSTEM CONTROL NUMBER |
| System control number |
(OCoLC)377499 |
| 040 ## - CATALOGING SOURCE |
| Original cataloging agency |
DLC |
| Transcribing agency |
OO |
| Modifying agency |
OCoLC |
| -- |
ODaWU |
| -- |
DLC |
| 041 ## - LANGUAGE CODE |
| Language code of text/sound track or separate title |
eng |
| 042 ## - AUTHENTICATION CODE |
| Authentication code |
premarc |
| 080 ## - UNIVERSAL DECIMAL CLASSIFICATION NUMBER |
| Universal Decimal Classification number |
821.3 HER |
| 082 ## - DEWEY DECIMAL CLASSIFICATION NUMBER |
| Classification number |
821.3 HER |
| 100 1# - Rafti |
| Rafti |
21 |
| 101 ## - Shkurtesa |
| Shkurtesa |
GJL |
| 245 10 - TITLE STATEMENT |
| Title |
Discussions of Shakespeare's sonnets. |
| 504 ## - BIBLIOGRAPHY, ETC. NOTE |
| Bibliography, etc |
"Notes and suggestions for further reading": p. viii-ix. |
| 504 ## - BIBLIOGRAPHY, ETC. NOTE |
| Bibliography, etc |
Bibliographical footnotes. |
| 906 ## - LOCAL DATA ELEMENT F, LDF (RLIN) |
| a |
7 |
| b |
cbc |
| c |
oclcrpl |
| d |
u |
| e |
ncip |
| f |
19 |
| g |
y-gencatlg |
| 942 ## - ADDED ENTRY ELEMENTS (KOHA) |
| Source of classification or shelving scheme |
|
| Item type |
Books |